Breaking Bad - Statistics

General Stats
  • This quiz has been taken 75 times
  • The average score is 7 of 15
Answer Stats
Hint Answer % Correct
Also known as Flinn Walter Jr.
94%
Has a little brother Jesse
87%
Chicken restaurant Los Pollos
79%
Sings happy birthday very awkwardly Skyler
73%
Jesse's friend Skinny Pete
69%
Kills kid Tod
56%
Likes crystals Hank
50%
Lays down on money Huel
47%
Uses a hello kitty cellphone Saul
44%
Guy with big eyebrows Bogdan
34%
Place where Hank receives a call telling him his wife is in the hospital Junk yard
33%
Product stolen in the train heist Methylamine
26%
Jesse's former name Cap'n cook
21%
Runs over a car Marie
19%
Place where gus runs a meth lab under Laundry mat
11%
No matching quizzes found
Score Distribution
Percent of People with Each Score
Percentile by Number Answered
Your Score History
You have not taken this quiz